000
00235nam a22001097a 4500
040
_c
SY
082
_a
327
100
_a
NA
245
_a
ការស៊ើបអង្កេតវិវាទដី
260
_a
RUA
_b
NA
_c
NA
942
_c
KB
999
_c
9310
_d
9310